Etiqueta de registo: 00254nam 2200025 450
001 2287651
003 http://id.bnportugal.gov.pt/bib/catbnp/2287651
010 ## $a978-989-9180-47-5
021 ## $aPT$b559436/26
100 ## $a20260609d2026 m y0pory01030103ba
101 1# $apor$cspa
102 ## $aPT
105 ## $ay z 000yy
106 ## $ar
200 1# $aMulheres que já não sofrem por amor$fCoral Herrera Gómez$gtrad. Susana Pinheiro
205 ## $a1ª ed
210 #9 $a[S.l.]$cBookout,$d2026
215 ## $a143 p.$d22 cm
225 2# $aEnsaios
304 ## $aTít. orig.: Mujeres que ya no sufren por amor
700 #1 $aHerrera Gómez,$bCoral,$f1977-$32000263
702 #1 $aPinheiro,$bSusana$4730$3223225
801 #0 $aPT$bBN$gRPC
966 ## $lBN$mFGMON$x1
966 ## $lBN$mFGMON$x1
971 ## $cabrito$d20260609